Đa dạng phiêu sinh động, thực vật trong và ngoài đê bao khép kín huyện Phú Tân, tỉnh An Giang (Luận văn tốt nghiệp cao học. Chuyên ngành Khoa học môi trường)

Đề tài được thực hiện nhằm: so sánh, đánh giá tính đa dạng tôm, cá và động vật đáy trong và ngoài đê bao khép kín vào mùa khô và mùa lũ huyện Phú Tân, tỉnh An Giang

保存先:
書誌詳細
第一著者: Nguyễn, Văn Trường
フォーマット: 図書
言語:Undetermined
出版事項: Cần Thơ Trường Đại học Cần Thơ 2014
主題:
タグ: タグ追加
タグなし, このレコードへの初めてのタグを付けませんか!
Thư viện lưu trữ: Trung tâm Học liệu Trường Đại học Cần Thơ
LEADER 01151nam a2200217Ia 4500
001 CTU_197662
008 210402s9999 xx 000 0 und d
082 |a 577.6 
082 |b Tr561 
088 |a 60440301 
100 |a Nguyễn, Văn Trường 
245 0 |a Đa dạng phiêu sinh động, thực vật trong và ngoài đê bao khép kín huyện Phú Tân, tỉnh An Giang 
245 0 |b (Luận văn tốt nghiệp cao học. Chuyên ngành Khoa học môi trường) 
245 0 |c Nguyễn Văn Trường; Nguyễn Xuân Lộc (người hướng dẫn khoa học) 
260 |a Cần Thơ 
260 |b Trường Đại học Cần Thơ 
260 |c 2014 
520 |a Đề tài được thực hiện nhằm: so sánh, đánh giá tính đa dạng tôm, cá và động vật đáy trong và ngoài đê bao khép kín vào mùa khô và mùa lũ huyện Phú Tân, tỉnh An Giang 
650 |a Freshwater ecology,Sinh thái học nước ngọt 
910 |a Nguyên 
980 |a Trung tâm Học liệu Trường Đại học Cần Thơ